[Event "Open Nord 2014/2015"]
[Site "Meyreuil"]
[Date "2014.03.10"]
[Round "1.1"]
[White "De Mersseman, Eric"]
[Black "Jean, Nicolas"]
[Result "1/2-1/2"]
[WhiteElo "1802"]
[BlackElo "1747"]
[PlyCount "51"]
1. c4 e5 2. Nc3 Nf6 3. Nf3 Nc6 4. g3 Be7 5.
Bg2 O-O 6. O-O d6 7. d4 Nd7 8. d5 Ncb8 9. e4 Nb6 10. b3 f5 11. exf5 Bxf5 12.
Nd2 N8d7 13. Nde4 h6 14. Be3 Nf6 15. Nxf6+ Bxf6 16. Ne4 Nd7 17. Rc1 Qe7 18. Qh5
Bh7 19. Qg4 Kh8 20. Qe6 Rfe8 21. Qg4 Nc5 22. Nxc5 dxc5 23. Be4 Bxe4 24. Qxe4
Qd6 25. Rfd1 a5 26. Kg2 1/2-1/2

[Event "Open Nord 2014/2015"]
[Site "Meyreuil"]
[Date "2014.03.10"]
[Round "1.2"]
[White "Mamah, Isabelle"]
[Black "Andonian, Pierre"]
[Result "1-0"]
[WhiteElo "1802"]
[BlackElo "1470"]
[PlyCount "75"]

1. e4 Nc6 2. d4 e6 3. Nf3 Be7 4. a3 a6 5. Bd3 Nf6 6. c4 O-O 7. e5 Ne8 8. Nc3 d6
9. Qc2 f5 10. exf6 Nxf6 11. Bg5 e5 12. dxe5 Nxe5 13. Nxe5 dxe5 14. O-O-O Qe8
15. Bxf6 Rxf6 16. Bxh7+ Kh8 17. Nd5 Rc6 18. Be4 Bg5+ 19. Kb1 Be6 20. h4 Bh6 21.
Qe2 Qf7 22. g4 Bf4 23. g5 Bf5 24. Ka1 Bxe4 25. Qxe4 Rf8 26. Qe2 Re6 27. Rhg1 c6
28. Nc3 g6 29. Ne4 b5 30. c5 Qe7 31. h5 Kg7 32. Qg4 Rh8 33. h6+ Kf7 34. Nf6
Qxc5 35. Rd7+ Re7 36. Rgd1 Rb8 37. Rxe7+ Kxe7 38. Qd7+ 1-0

[Event "Open Nord 2014/2015"]
[Site "Meyreuil"]
[Date "2014.03.10"]
[Round "1.3"]
[White "Gourdeau, Marie-Christine"]
[Black "Montanelli, Tristan"]
[Result "0-1"]
[WhiteElo "1462"]
[BlackElo "1733"]
[PlyCount "102"]

1. e4 c5 2. c3 d5 3. exd5 Qxd5 4. d4 cxd4 5. cxd4 g6 6. Nc3 Qd8 7. Nf3 Bg7 8.
Bc4 Nf6 9. O-O O-O 10. Re1 Bg4 11. Be3 Nc6 12. Be2 e6 13. Rc1 Ne7 14. Ne5 Bxe2
15. Qxe2 Nfd5 16. Nxd5 Nxd5 17. Nf3 Qa5 18. a3 Rfc8 19. Ng5 Qd8 20. Qg4 Qe7 21.
Qh4 h6 22. Nf3 Qxh4 23. Nxh4 Kf8 24. Nf3 Ke7 25. Ne5 Bxe5 26. dxe5 h5 27. Bg5+
Kd7 28. h4 Rxc1 29. Rxc1 Rc8 30. Rxc8 Kxc8 31. g3 Kc7 32. Kg2 Kc6 33. Kf3 a6
34. Ke4 Kc5 35. Kd3 Kb5 36. Bd2 Ka4 37. Kc2 Kb5 38. Kd3 b6 39. b3 Kc6 40. b4 b5
41. f3 Nb6 42. g4 Nc4 43. gxh5 gxh5 44. f4 Nxa3 45. Bc1 Nc4 46. Kd4 Nb6 47. Ke4
Nd5 48. f5 Nxb4 49. Bb2 Nd5 50. Kd4 exf5 51. Bc1 b4 0-1

[Event "Open Nord 2014/2015"]
[Site "Meyreuil"]
[Date "2014.03.10"]
[Round "1.4"]
[White "Brissonneau, Laurent"]
[Black "Lupinacci, Patrick"]
[Result "0-1"]
[WhiteElo "1694"]
[BlackElo "1460"]
[PlyCount "136"]

1. e4 c5 2. Nf3 d6 3. Bb5+ Bd7 4. Bxd7+ Nxd7 5. O-O Ngf6 6. Qe2 e6 7. c3 Be7 8.
d4 cxd4 9. cxd4 d5 10. e5 Ne4 11. Ne1 h6 12. f3 Ng5 13. Nd3 Nh7 14. Nc3 a6 15.
Be3 O-O 16. f4 f5 17. exf6 Bxf6 18. Qg4 Qe7 19. Rae1 Rae8 20. f5 Bg5 21. Bxg5
Nxg5 22. Nxd5 Qd6 23. Ne3 Nf6 24. Qf4 Qxf4 25. Rxf4 exf5 26. Nxf5 Rxe1+ 27.
Nxe1 Nd5 28. Rf2 Ne4 29. Re2 Rxf5 30. Rxe4 Kf7 31. Re5 Rxe5 32. dxe5 Ne3 33.
Nd3 b6 34. Kf2 Ng4+ 35. Kg3 h5 36. h3 Nh6 37. Kf4 g6 38. Kg5 Nf5 39. Nf4 Ne7
40. e6+ Kg7 41. Nd3 Nc6 42. a3 a5 43. b4 axb4 44. axb4 Ne7 45. Ne5 b5 46. Nf7
Nf5 47. g4 hxg4 48. hxg4 Nd4 49. Nd6 Nxe6+ 50. Kh4 Nd4 51. g5 Kf8 52. Ne4 Ke7
53. Nc3 Ke6 54. Kg4 Ke5 55. Kh4 Kf5 56. Nd5 Nf3+ 57. Kg3 Nxg5 58. Ne7+ Kf6 59.
Nd5+ Ke5 60. Ne7 Kd4 61. Kf4 Ne6+ 62. Kg4 Kc4 63. Nc6 Nd4 64. Ne5+ Kxb4 65. Kg5
Kc5 66. Kxg6 Nc6 67. Nf3 b4 68. Kf5 Nd4+ 0-1

[Event "Open Nord 2014/2015"]
[Site "Meyreuil"]
[Date "2014.03.10"]
[Round "1.5"]
[White "Ribelles, Anthony"]
[Black "Salvi, Michel"]
[Result "0-1"]
[WhiteElo "1420"]
[BlackElo "1641"]
[PlyCount "86"]

1. e4 c5 2. Nf3 d6 3. d4 cxd4 4. Nxd4 Nf6 5. Nc3 a6 6. Be3 Ng4 7. Bg5 Qa5 8.
Qd2 Nc6 9. Nb3 Qd8 10. h3 Nge5 11. f4 h6 12. Bh4 Ng6 13. Bf2 e6 14. h4 b5 15.
O-O-O h5 16. g4 Qf6 17. Ne2 hxg4 18. h5 e5 19. Bg3 exf4 20. Nxf4 Nge5 21. Nd5
Qd8 22. Be2 Be6 23. Rdf1 Rb8 24. Rf2 a5 25. Nd4 Nxd4 26. Qxd4 Nc6 27. Qd1 Ne5
28. Bxe5 dxe5 29. Bxg4 Qg5+ 30. Kb1 Qxg4 31. Qxg4 Bxg4 32. Nc7+ Kd8 33. Rxf7
Rxh5 34. Rg1 Bd7 35. Rd1 Kxc7 36. Rdxd7+ Kc6 37. Rc7+ Kd6 38. Rfd7+ Ke6 39. a3
g5 40. Rd5 Rb6 41. Rc8 Be7 42. Rg8 Rh4 43. Rg6+ Bf6 0-1

[Event "Open Nord 2014/2015"]
[Site "Meyreuil"]
[Date "2014.03.10"]
[Round "1.6"]
[White "Corrias, Robert"]
[Black "Bouriel, Michel"]
[Result "0-1"]
[WhiteElo "1629"]
[BlackElo "1418"]
[PlyCount "38"]

1. e4 c5 2. Nf3 d6 3. Nc3 Nf6 4. Bc4 g6 5. d3 Bg7 6. Bg5 O-O 7. Qd2 Nc6 8. a3
a6 9. O-O-O b5 10. Ba2 b4 11. axb4 Nxb4 12. Bb3 Ng4 13. h4 h6 14. Bf4 Bd7 15.
d4 cxd4 16. Na4 Bxa4 17. Bxa4 Rb8 18. Ne1 Na2+ 19. Kb1 Nc3+ 0-1

[Event "Open Nord 2014/2015"]
[Site "Meyreuil"]
[Date "2014.03.10"]
[Round "1.7"]
[White "Gremaud, Isabelle"]
[Black "Scamaroni, Jean-Paul"]
[Result "0-1"]
[WhiteElo "1399"]
[BlackElo "1602"]
[PlyCount "74"]

1. e4 c5 2. Bc4 e6 3. Nf3 d6 4. d3 Nf6 5. h3 Be7 6. Nc3 a6 7. a3 O-O 8. O-O b5
9. Ba2 Nbd7 10. Re1 Qc7 11. Bf4 e5 12. Bh2 Bb7 13. Nh4 g6 14. Nf3 Nb6 15. Bg3
b4 16. Ne2 Nh5 17. Bh4 Bxh4 18. Nxh4 Qe7 19. Nf3 d5 20. Qd2 Kg7 21. axb4 cxb4
22. c3 dxe4 23. dxe4 bxc3 24. Nxc3 Rfd8 25. Qe3 Nc8 26. Bd5 f6 27. Qd3 Nf4 28.
Qc4 Nb6 29. Qb3 Nbxd5 30. Red1 Nxc3 31. Qxc3 Ne2+ 32. Kf1 Nxc3 33. bxc3 Rxd1+
34. Rxd1 Rd8 35. Nd2 Bxe4 36. Ke1 Qd6 37. f3 Bc2 0-1

[Event "Open Nord 2014/2015"]
[Site "Meyreuil"]
[Date "2014.03.10"]
[Round "1.8"]
[White "Mignemi, Denis"]
[Black "Person, Claude"]
[Result "1/2-1/2"]
[WhiteElo "1580"]
[BlackElo "1279"]
[PlyCount "76"]

1. d4 d6 2. c4 c6 3. e4 Qa5+ 4. Nc3 Nf6 5. Bd3 a6 6. Nge2 c5 7. d5 Nbd7 8. f4
e5 9. O-O Qd8 10. a4 Be7 11. Ng3 Bf8 12. Qf3 h5 13. Nf5 g6 14. Ng3 h4 15. Nge2
Qe7 16. Bc2 Bg7 17. b3 Nf8 18. fxe5 dxe5 19. Bg5 Bg4 20. Qe3 Qd6 21. Rf2 h3 22.
Bxf6 Bxf6 23. Raf1 Nd7 24. Qg3 hxg2 25. Qxg4 gxf1=Q+ 26. Kxf1 Rh4 27. Qf3 Ke7
28. Nd1 Rah8 29. Kg1 Rh3 30. Ng3 R3h4 31. Ne3 Rf4 32. Qg2 Rhh4 33. Rxf4 Rxf4
34. Qh3 Rh4 35. Qxh4 Bxh4 36. Ngf5+ gxf5 37. Nxf5+ Kd8 38. Nxd6 f6 1/2-1/2

[Event "Open Nord 2014/2015"]
[Site "Meyreuil"]
[Date "2014.03.10"]
[Round "1.9"]
[White "Pietrac, Christian"]
[Black "Schiano-Lomoriello, Didier"]
[Result "0-1"]
[WhiteElo "1194"]
[BlackElo "1580"]
[PlyCount "80"]

1. d4 Nf6 2. c4 d5 3. Nc3 g6 4. Bf4 Bg7 5. e3 O-O 6. Bd3 dxc4 7. Bxc4 c5 8.
Nge2 cxd4 9. exd4 Nc6 10. O-O Bg4 11. f3 Bf5 12. Qd2 Rc8 13. Rad1 Qb6 14. Bh6
Bxh6 15. Qxh6 Nxd4 16. Rxd4 Rxc4 17. Qd2 e5 18. b3 exd4 19. bxc4 dxc3+ 20. Qd4
Qxd4+ 21. Nxd4 Bd3 22. Rc1 Bxc4 23. Rxc3 Bxa2 24. Ra3 Rd8 25. Rxa2 Rxd4 26.
Rxa7 b5 27. Rb7 Rb4 28. Kf2 Rb2+ 29. Ke3 Rxg2 30. Rxb5 Rxh2 31. Rb8+ Kg7 32.
Rd8 h5 33. Kf4 Ra2 34. Rd4 Ra8 35. Kg5 Ra5+ 36. Kf4 h4 37. Rd1 h3 38. Rh1 Nh5+
39. Kg4 Rf5 40. Rxh3 Rf4+ 0-1

[Event "Open Nord 2014/2015"]
[Site "Meyreuil"]
[Date "2014.03.10"]
[Round "1.10"]
[White "Garcia, Robustiano"]
[Black "Perdiolat, Francis"]
[Result "1-0"]
[WhiteElo "1573"]
[BlackElo "1170"]
[PlyCount "57"]

1. d4 Nf6 2. c4 g6 3. Nc3 Bg7 4. e4 d6 5. f3 O-O 6. Be3 c5 7. Nge2 cxd4 8. Nxd4
a6 9. Qd2 e5 10. Nc2 Re8 11. O-O-O Bf8 12. g4 Nc6 13. h4 h5 14. gxh5 Nxh5 15.
Ne2 b5 16. c5 dxc5 17. Qe1 Qa5 18. Bd2 Qxa2 19. Ng3 Nxg3 20. Qxg3 b4 21. h5 Re6
22. Bh3 Rf6 23. Bg5 Rd6 24. Rxd6 Bxd6 25. hxg6 fxg6 26. Bxc8 Rxc8 27. Qh3 Kf7
28. Qxc8 Nd4 29. Rh7# 1-0

[Event "Open Nord 2014/2015"]
[Site "Meyreuil"]
[Date "2014.03.10"]
[Round "1.11"]
[White "Cortes, Maria"]
[Black "Hidreau, Olivier"]
[Result "0-1"]
[WhiteElo "1130"]
[BlackElo "1549"]
[PlyCount "98"]

1. d3 d5 2. e3 e5 3. Be2 Qg5 4. Bf3 Be6 5. e4 Qd8 6. c3 Nf6 7. Qa4+ c6 8. Qb3
b6 9. Be3 dxe4 10. Qd1 exf3 11. Nxf3 Bd6 12. Ng5 O-O 13. O-O Bf5 14. Nd2 Bxd3
15. Re1 Qc7 16. c4 e4 17. g3 Nbd7 18. Bf4 Bxf4 19. Ngxe4 Bxd2 20. Qxd2 Bxe4 21.
Qf4 Qxf4 22. gxf4 c5 23. b3 Rfe8 24. Rad1 Kf8 25. Re3 Re7 26. f3 Bf5 27. Rxe7
Kxe7 28. Re1+ Kf8 29. Kf2 Re8 30. Rxe8+ Kxe8 31. Ke3 a5 32. Kd2 Nh5 33. Ke3 Bb1
34. f5 Bxa2 35. Ke4 Nhf6+ 36. Kf4 Bxb3 37. Kg5 Bxc4 38. h4 h6+ 39. Kf4 a4 40.
Ke3 a3 41. Kd2 a2 42. Kc3 Ne5 43. Kb2 Nxf3 44. Kc3 Nd2 45. Kxd2 a1=Q 46. Kc2
Qd4 47. h5 Qd3+ 48. Kb2 Qd2+ 49. Ka3 Qa2# 0-1

[Event "Open Nord 2014/2015"]
[Site "Meyreuil"]
[Date "2014.03.10"]
[Round "1.12"]
[White "Amoros, Jean"]
[Black "Schoeni, Christine"]
[Result "1-0"]
[WhiteElo "1486"]
[BlackElo "1090"]
[PlyCount "61"]

1. e4 e5 2. Nf3 d6 3. Bc4 Be7 4. c3 Bg4 5. Qb3 Bh5 6. Qxb7 Nd7 7. Bd5 Nb6 8.
Bc6+ Kf8 9. d3 Nf6 10. Be3 Nfd7 11. Nbd2 Nc5 12. Bxc5 dxc5 13. Qa6 Qc8 14. Bb7
Qb8 15. Nxe5 Qd8 16. Bxa8 Qxa8 17. O-O f6 18. Nec4 Nd7 19. f4 Nb8 20. Qe6 Bf7
21. Qc8+ Be8 22. e5 f5 23. Qxf5+ Bf7 24. e6 Ke8 25. exf7+ Kf8 26. Qc8+ Kxf7 27.
Qxh8 h6 28. Ne5+ Ke6 29. Qxg7 Bf6 30. Qf7+ Kf5 31. g4# 1-0

[Event "Open Nord 2014/2015"]
[Site "Meyreuil"]
[Date "2014.03.10"]
[Round "1.13"]
[White "Salvi, Angele"]
[Black "Graells, Christian"]
[Result "0-1"]
[WhiteElo "1030"]
[BlackElo "1482"]
[PlyCount "72"]

1. e4 e5 2. Nf3 Nc6 3. d4 exd4 4. Nxd4 Bc5 5. Nf5 Qf6 6. Be3 Bxe3 7. Nxe3 Nge7
8. Nd5 Qe5 9. Nbc3 a6 10. Qd3 O-O 11. O-O-O b5 12. g3 d6 13. Nxc7 Ra7 14. Qxd6
Qxd6 15. Rxd6 Rxc7 16. Nd5 Nxd5 17. Rxd5 Nb4 18. Rd2 Nxa2+ 19. Kb1 Nb4 20. c3
Nc6 21. Bg2 Be6 22. Rhd1 a5 23. f3 a4 24. f4 f5 25. e5 b4 26. Rd6 bxc3 27. Bxc6
c2+ 28. Kxc2 Bb3+ 29. Kc1 Bxd1 30. Kxd1 Rfc8 31. Bd5+ Kf8 32. Be6 Rc1+ 33. Ke2
R8c2+ 34. Kf3 Rxb2 35. Rd8+ Ke7 36. Rd6 Rc3+ 0-1

[Event "Open Nord 2014/2015"]
[Site "Meyreuil"]
[Date "2014.11.07"]
[Round "2.1"]
[White "Hidreau, Olivier"]
[Black "Mamah, Isabelle"]
[Result "0-1"]
[WhiteElo "1549"]
[BlackElo "1802"]
[PlyCount "96"]

1. e4 c5 2. c3 g6 3. d4 cxd4 4. cxd4 d5 5. e5 Bg7 6. Nf3 Bg4 7. Nbd2 e6 8. h3
Bxf3 9. Nxf3 Ne7 10. Be2 O-O 11. O-O Nbc6 12. Bd2 Qb6 13. Bc3 Rac8 14. g4 a6
15. a3 Na5 16. Bxa5 Qxa5 17. Rc1 Nc6 18. Rc5 Qb6 19. Qd2 f6 20. Rfc1 fxe5 21.
Nxe5 Bxe5 22. dxe5 Rce8 23. b4 Nxe5 24. Qe3 Qd6 25. Kg2 Re7 26. Rc8 Ref7 27.
Rxf8+ Rxf8 28. Rf1 Nd7 29. f4 b5 30. Bd3 d4 31. Qe4 Nf6 32. Qe5 Qd5+ 33. Kg3
Qxe5 34. fxe5 Ne4+ 35. Kg2 Rxf1 36. Bxf1 Nd2 37. Kf2 Nc4 38. a4 Kf7 39. axb5
axb5 40. Bd3 Ke7 41. Kg3 Nxe5 42. Bxb5 Kd6 43. Kf4 Kd5 44. g5 Nc6 45. Ba6 Nxb4
46. Bb7+ Kc4 47. Ke5 Nd3+ 48. Kxe6 Nc5+ 0-1

[Event "Open Nord 2014/2015"]
[Site "Meyreuil"]
[Date "2014.10.03"]
[Round "2.2"]
[White "Montanelli, Tristan"]
[Black "Garcia, Robustiano"]
[Result "1-0"]
[WhiteElo "1733"]
[BlackElo "1573"]
[PlyCount "183"]

1. c4 Nf6 2. Nc3 g6 3. Nf3 Bg7 4. b3 O-O 5. Bb2 d6 6. e3 Nc6 7. a3 e5 8. d3 h6
9. Qc2 Be6 10. Be2 Ne7 11. d4 exd4 12. Nxd4 Bd7 13. Rd1 Nc6 14. Nf3 Qe7 15. h3
Rad8 16. O-O Rfe8 17. Nd5 Nxd5 18. cxd5 Bf5 19. Bd3 Bxd3 20. Rxd3 Nb8 21. Bxg7
Kxg7 22. Nd4 Qe4 23. Qc3 Kh7 24. Nb5 a6 25. f3 Qf5 26. e4 Qd7 27. Nd4 c6 28.
Ne2 cxd5 29. Rxd5 Rc8 30. Qd3 Re5 31. Rxd6 Qe7 32. b4 Re8 33. Rd1 Qh4 34. Kh2
Qf2 35. Ng3 Rg5 36. f4 Qxf4 37. Rf1 Rxg3 38. Rxf4 Rxd3 39. Rxd3 Re7 40.Kg3 Nc6
41. Kf2 Kg7 42. Re3 Ne5 43. Rc3 Rd7 44. Ke2 Nc6 45. Rd3 Re7 46. Kd2 Ne5 47. Rd4
Rc7 48. a4 Nc6 49. Rc4 Rd7+ 50. Kc3 Ne5 {(=)} 51. Rd4 Rc7+ 52. Kb3 Re7 53. Rf2
Nc6 54. Rc4 Ne5 55. Rcc2 Nc6 56. Rc4 Ne5 57. Rc3 Nc6 58. Re3 Ne5 59. b5 a5 60.
Rc2 b6 61. Rcc3 Rd7 62. Rc1 Re7 63. Kc3 Rd7 64. Re2 Re7 65. Kd4 f6 66. Rec2
Rd7+ 67. Ke3 Kf7 68. Rc7 Ke7 69. Rxd7+ Kxd7 70. Kd4 Kd6 71. Rc8 h5 72.Rf8 Nd7
73. Rh8 Ke6 74. g4 hxg4 75. hxg4 g5 76. Re8+ Kd6 77. Rd8 Kc7 78. Rh8 Kd6 79.
Rh6 Ke6 80. Rh7 Kd6 81. Rxd7+ Kxd7 82. Kd5 Ke7 83. Kc6 Ke6 84. Kxb6 Ke5 85. Ka7
Kxe4 86. b6 Kf4 87. b7 Kxg4 88. b8=Q f5 89. Kb6 f4 90. Kc5 Kg3 91. Kd4 g4 92.
Ke4 1-0

[Event "Open Nord 2014/2015"]
[Site "Meyreuil"]
[Date "2014.11.07"]
[Round "2.3"]
[White "Salvi, Michel"]
[Black "Amoros, Jean"]
[Result "1-0"]
[WhiteElo "1628"]
[BlackElo "1486"]
[PlyCount "61"]

1. e4 e5 2. Nf3 Nc6 3. Bb5 Nd4 4. Ba4 b5 5. Bb3 Nxb3 6. axb3 d6 7. Qe2 c6 8. d4
f6 9. Nbd2 Bg4 10. h3 Bh5 11. dxe5 fxe5 12. Nf1 Bxf3 13. Qxf3 Qf6 14. Qd3 Qe6
15. Ra6 Qc8 16. Ra1 Ne7 17. Ne3 Ng6 18. Nf5 Qc7 19. O-O Rd8 20. c4 b4 21. Be3
a5 22. Bg5 Rd7 23. Ra4 h6 24. Bd2 d5 25. exd5 Bc5 26. Qg3 Nf4 27. Bxf4 exf4 28.
Qg6+ Kf8 29. Re1 Qd8 30. Qxc6 Be7 31. Rxa5 1-0

[Event "Open Nord 2014/2015"]
[Site "Meyreuil"]
[Date "2014.11.07"]
[Round "2.4"]
[White "Scamaroni, Jean-Paul"]
[Black "Graells, Christian"]
[Result "0-1"]
[WhiteElo "1602"]
[BlackElo "1482"]
[PlyCount "84"]

1. d4 Nf6 2. c4 c5 3. d5 e5 4. Nc3 d6 5. e4 Be7 6. Nf3 O-O 7. Be2 Na6 8. O-O
Nc7 9. a4 a5 10. Nd2 Na6 11. Na2 b6 12. b3 h6 13. f4 exf4 14. Rxf4 Nh7 15. Nf3
g5 16. Rf5 Bxf5 17. exf5 Bf6 18. Rb1 Re8 19. Qc2 Ra7 20. Bb2 Rae7 21. Bxf6 Nxf6
22. Bd3 Nb8 23. Nc3 Nbd7 24. h3 Ne5 25. Nxe5 Rxe5 26. Qf2 Qe7 27. Rf1 Re3 28.
Qd2 Qe5 29. Ne4 Rxe4 30. Bxe4 Qxe4 31. Qb2 Re5 32. g4 Qe3+ 33. Kg2 Ne4 34. Rf3
Qe1 35. Qc2 Nd2 36. Rf2 Re2 37. Rxe2 Qxe2+ 38. Kh1 Qf1+ 39. Kh2 Qf2+ 40. Kh1
Qf3+ 41. Kg1 Qg3+ 42. Kh1 Qxh3+ 0-1

[Event "Open Nord 2014/2015"]
[Site "Meyreuil"]
[Date "2014.11.07"]
[Round "2.5"]
[White "Schiano-Lomoriello, Didier"]
[Black "Lupinacci, Patrick"]
[Result "1-0"]
[WhiteElo "1580"]
[BlackElo "1460"]
[PlyCount "105"]

1. e4 c5 2. Nf3 d6 3. d4 cxd4 4. Nxd4 Nf6 5. Nc3 a6 6. Be3 Ng4 7. Bg5 h6 8. Bh4
g5 9. Bg3 Nf6 10. h3 Bg7 11. Qf3 O-O 12. O-O-O Nbd7 13. Nf5 Nb6 14. Nxg7 Kxg7
15. e5 Ne8 16. Bd3 d5 17. Qh5 e6 18. h4 Rh8 19. f4 g4 20. Qxg4+ Kf8 21. Qf3 Ng7
22. Bf2 Nf5 23. g4 Ng7 24. Rhf1 Qc7 25. h5 Bd7 26. f5 Nc4 27. Bxc4 Qxc4 28.
fxe6 Nxe6 29. Bc5+ Ke8 30. Qxf7+ Kd8 31. Qf6+ Kc7 32. Nxd5+ Kc6 33. Nb4+ Kxc5
34. Rxd7 Kxb4 35. Qe7+ Ka5 36. Qa3+ Kb6 37. Rfd1 Rac8 38. R7d6+ Rc6 39. Qe3+
Qc5 40. Qb3+ Ka7 41. Rxe6 Rhc8 42. Rxc6 Rxc6 43. Qd3 Ka8 44. Qd4 Qb5 45. Qe3
Rb6 46. b3 Ka7 47. Rd6 Qa5 48. Qxb6+ Qxb6 49. Rxb6 Kxb6 50. Kd2 Kc6 51. Ke3 Kd5
52. Kf4 Ke6 53. g5 1-0

[Event "Open Nord 2014/2015"]
[Site "Meyreuil"]
[Date "2014.11.07"]
[Round "2.6"]
[White "Bouriel, Michel"]
[Black "De Mersseman, Eric"]
[Result "1-0"]
[WhiteElo "1404"]
[BlackElo "1747"]
[PlyCount "63"]

1. c4 Nf6 2. Nc3 d5 3. cxd5 Nxd5 4. g3 c6 5. Bg2 e5 6. Nf3 Bd6 7. O-O O-O 8. d3
Re8 9. a3 a5 10. Qc2 Nd7 11. Ng5 N7f6 12. Bd2 h6 13. Nge4 Bf8 14. Rac1 Nxc3 15.
Nxf6+ Qxf6 16. Bxc3 Qd6 17. Rcd1 c5 18. Qb3 a4 19. Qb5 Bg4 20. Rfe1 Reb8 21.
Qc4 Be6 22. Qe4 f6 23. Qh4 Ra6 24. Bd2 Bb3 25. Rc1 b5 26. Be3 c4 27. dxc4 Bxc4
28. Red1 Qe6 29. Rxc4 bxc4 30. Bd5 Qxd5 31. Rxd5 Rxb2 32. Qxc4 1-0

[Event "Open Nord 2014/2015"]
[Site "Meyreuil"]
[Date "2014.11.07"]
[Round "2.7"]
[White "Jean, Nicolas"]
[Black "Mignemi, Denis"]
[Result "0-1"]
[WhiteElo "1870"]
[BlackElo "1580"]
[PlyCount "74"]

1. e4 d5 2. exd5 Qxd5 3. Nc3 Qa5 4. Bc4 Nf6 5. d3 Bg4 6. f3 Bh5 7. Bd2 c6 8.
Qe2 Qc7 9. Nh3 Nbd7 10. O-O-O Qe5 11. Ne4 Nxe4 12. dxe4 e6 13. Bf4 Qf6 14. Qd3
Qe7 15. e5 O-O-O 16. Qe2 h6 17. Nf2 Qb4 18. Ne4 Be7 19. Bb3 Nc5 20. Rde1 Nxb3+
21. axb3 Rd7 22. Kb1 Rhd8 23. Qe3 Qa5 24. c3 Bg6 25. Kc2 Bc5 26. Qe2 Qb6 27. b4
Be7 28. Kc1 Bh7 29. Be3 Qc7 30. Nc5 Bxc5 31. Bxc5 a6 32. Bd6 Qb6 33. b3 a5 34.
Kb2 axb4 35. c4 Qd4+ 36. Ka2 Qa7+ 37. Kb2 Qa3# 0-1

[Event "Open Nord 2014/2015"]
[Site "Meyreuil"]
[Date "2014.11.07"]
[Round "2.8"]
[White "Person, Claude"]
[Black "Brissonneau, Laurent"]
[Result "0-1"]
[WhiteElo "1279"]
[BlackElo "1694"]
[PlyCount "104"]

1. Nf3 d5 2. e3 Nf6 3. d4 c6 4. Nbd2 Bg4 5. Bd3 e6 6. O-O c5 7. Be2 Nc6 8. c3
c4 9. h3 Bxf3 10. Bxf3 Bd6 11. Re1 O-O 12. e4 dxe4 13. Nxe4 Nxe4 14. Bxe4 Qc7
15. Qg4 f5 16. Qh4 fxe4 17. Rxe4 Qf7 18. f3 Ne7 19. Be3 Qg6 20. Rg4 Nf5 21. Qe1
Qf7 22. Bf4 Rad8 23. Bxd6 Rxd6 24. Rf4 Qf6 25. Kh2 Qh6 26. Rg4 Ne3 27. Re4 Nc2
28. Rh4 Nxe1 29. Rxh6 Nxf3+ 30. gxf3 gxh6 31. Rg1+ Kf7 32. Rg4 Rg8 33. Rf4+ Ke7
34. Re4 Rd5 35. h4 Rf5 36. Re3 Kd6 37. b4 cxb3 38. axb3 Ra5 39. c4 Ra2+ 40. Kh3
Ra1 41. Kh2 Rd1 42. Re4 Rd3 43. c5+ Kd7 44. Rf4 Ke7 45. b4 Rf8 46. Re4 Rfxf3
47. Kg2 Rfe3 48. Rg4 Re2+ 49. Kf1 Rb2 50. Ke1 Ra3 51. Rg7+ Kf6 52. Rxh7 Ra1#
0-1

[Event "Open Nord 2014/2015"]
[Site "Meyreuil"]
[Date "2014.11.07"]
[Round "2.9"]
[White "Pietrac, Christian"]
[Black "Corrias, Robert"]
[Result "0-1"]
[WhiteElo "1216"]
[BlackElo "1629"]
[PlyCount "76"]

1. Nf3 d5 2. g3 Nf6 3. Bg2 Bf5 4. O-O Nc6 5. d3 Qd7 6. Nbd2 Bh3 7. Re1 Bxg2 8.
Kxg2 e6 9. e4 O-O-O 10. e5 Ne8 11. a3 f6 12. b4 f5 13. Bb2 h6 14. Nb3 g5 15. d4
g4 16. Nh4 Qg7 17. Qd2 b6 18. b5 Ne7 19. a4 Ng6 20. Nxg6 Qxg6 21. a5 Kb8 22.
axb6 cxb6 23. Na5 bxa5 24. Qxa5 Rd7 25. b6 Rhh7 26. Ra4 Rb7 27. Rea1 Rxb6 28.
Qxa7+ Rxa7 29. Rxa7 Nc7 30. Bc3 Bb4 31. Bxb4 Rxb4 32. c3 Rb7 33. R7a4 f4 34.
Rb4 Rxb4 35. cxb4 Qe4+ 36. Kg1 Qxd4 37. Rb1 Nb5 38. Kf1 Qd3+ 0-1

[Event "Open Nord 2014/2015"]
[Site "Meyreuil"]
[Date "2014.11.07"]
[Round "2.10"]
[White "Andonian, Pierre"]
[Black "Cortes, Maria"]
[Result "1-0"]
[WhiteElo "1470"]
[BlackElo "1130"]
[PlyCount "83"]

1. d4 d5 2. Nf3 c6 3. c4 e6 4. Nc3 Nf6 5. e3 Nbd7 6. Bd2 Bd6 7. c5 Bc7 8. a3
Ba5 9. b4 Bc7 10. Bd3 b6 11. e4 b5 12. e5 Nh5 13. O-O O-O 14. Ng5 g6 15. Be2 f6
16. Nxe6 Qe7 17. Nxc7 Rb8 18. e6 Ne5 19. dxe5 Qxc7 20. Bxh5 Qxe5 21. Bg4 f5 22.
Re1 Qf6 23. e7 Re8 24. Bf3 Rb7 25. Rc1 Rd7 26. Bf4 Rdxe7 27. Rxe7 Qxe7 28. Bd6
Qf6 29. Ne2 Bb7 30. Qd2 Re6 31. Re1 d4 32. Nf4 Rxe1+ 33. Qxe1 Bc8 34. Qe8+ Kg7
35. Be5 g5 36. Bxf6+ Kxf6 37. Qh8+ Ke7 38. Qxh7+ Kf6 39. Qh8+ Ke7 40. Qe5+ Kf7
41. Nh5 Kg6 42. Qg7# 1-0

[Event "Open Nord 2014/2015"]
[Site "Meyreuil"]
[Date "2014.11.07"]
[Round "2.11"]
[White "Perdiolat, Francis"]
[Black "Gourdeau, Marie-Christine"]
[Result "1-0"]
[WhiteElo "1170"]
[BlackElo "1462"]
[PlyCount "93"]

1. e4 c6 2. d4 d5 3. e5 Bf5 4. Nf3 e6 5. Nbd2 c5 6. c3 Nc6 7. Nb3 c4 8. Nbd2
Be7 9. g3 Nh6 10. h4 Bg4 11. Qa4 O-O 12. b3 Bxf3 13. Nxf3 cxb3 14. Qxb3 Na5 15.
Qc2 Nf5 16. Bd3 g6 17. Bg5 h5 18. Bxe7 Nxe7 19. Qd2 Kg7 20. Ng5 Nf5 21. Bxf5
exf5 22. O-O Nc4 23. Qe2 Qe7 24. Rae1 Rac8 25. Qf3 Nd2 26. Qxd5 Nxf1 27. Kxf1
Rcd8 28. Qa5 b6 29. Qb5 Qb7 30. e6 Qh1+ 31. Ke2 Qb7 32. Kd2 Rde8 33. exf7 Rxe1
34. Kxe1 Qe7+ 35. Qe5+ Qxe5+ 36. dxe5 Rxf7 37. Nxf7 Kxf7 38. f4 Ke6 39. Kd2 b5
40. Kd3 Kd5 41. a3 a6 42. Ke3 a5 43. Kd3 a4 44. Ke3 Ke6 45. Kd4 Kd7 46. Kc5 g5
47. hxg5 1-0

[Event "Open Nord 2014/2015"]
[Site "Meyreuil"]
[Date "2014.11.07"]
[Round "2.12"]
[White "Schoeni, Christine"]
[Black "Ribelles, Anthony"]
[Result "1-0"]
[WhiteElo "1090"]
[BlackElo "1420"]
[PlyCount "63"]

1. d4 Nf6 2. Nc3 e6 3. e4 d5 4. e5 Nfd7 5. Nf3 c5 6. Be3 Nc6 7. a3 a6 8. Be2 b5
9. O-O Qc7 10. Bg5 cxd4 11. Nxd4 Nxd4 12. Qxd4 Bc5 13. Qf4 Nxe5 14. b4 Bd6 15.
Qd4 O-O 16. f4 Nc4 17. Bd3 h6 18. Bh4 Bb7 19. Ne2 e5 20. Qf2 e4 21. Bxc4 Qxc4
22. Nd4 a5 23. Nf5 Bc7 24. Rac1 Ra6 25. Qg3 Bb6+ 26. Kh1 Bd4 27. Rfd1 Qc3 28.
Rxd4 Qxg3 29. Bxg3 Rc8 30. Ne7+ Kf8 31. Nxc8 Bxc8 32. Rxd5 1-0

[Event "Open Nord 2014/2015"]
[Site "Meyreuil"]
[Date "2014.11.07"]
[Round "2.13"]
[White "Salvi, Angele"]
[Black "Gremaud, Isabelle"]
[Result "1-0"]
[WhiteElo "1030"]
[BlackElo "1399"]
[PlyCount "71"]

1. e4 e5 2. Nf3 Nc6 3. d4 exd4 4. Nxd4 Qf6 5. Be3 Bc5 6. c3 a6 7. Qd2 h6 8. Be2
Qg6 9. Bf3 Ne5 10. Qe2 Nf6 11. Nd2 b5 12. O-O-O Bb7 13. Bf4 Bd6 14. g3 O-O 15.
Bg2 c5 16. Nf5 Nh5 17. Nh4 Qe6 18. Qxh5 Qxa2 19. Kc2 c4 20. Ra1 Qxa1 21. Rxa1
Rfe8 22. Qe2 Bc7 23. Nf5 Bb6 24. Nd6 Reb8 25. Bxe5 Bc7 26. Bh3 Bxd6 27. Bxd6
Rd8 28. e5 Bc6 29. f4 Re8 30. Ne4 Bd5 31. Nf6+ gxf6 32. Qg4+ Kh8 33. Qxd7 Be6
34. Bxe6 fxe6 35. exf6 Rad8 36. Qg7# 1-0

[Event "Open Nord 2014/2015"]
[Site "Meyreuil"]
[Date "2014.11.28"]
[Round "3.1"]
[White "Mamah, Isabelle"]
[Black "Schiano-Lomoriello, Didier"]
[Result "1-0"]
[WhiteElo "1802"]
[BlackElo "1580"]
[PlyCount "131"]

1. c4 Nf6 2. Nc3 g6 3. g3 d5 4. cxd5 Nxd5 5. Bg2 Nxc3 6. bxc3 Bg7 7. Nf3 O-O 8.
O-O Na6 9. Ba3 c5 10. Ne1 Rb8 11. Nd3 b6 12. Qa4 Qc7 13. Rab1 Rd8 14. Rfd1 e5
15. Ne1 Bb7 16. c4 Bxg2 17. Nxg2 Qb7 18. Bb2 Nc7 19. Bc3 Ne6 20. Ne3 Qd7 21.
Qxd7 Rxd7 22. a4 Nc7 23. Ng4 f6 24. Ne3 Rbd8 25. Nc2 f5 26. a5 Rb8 27. axb6
axb6 28. Rb3 Rd6 29. Kf1 e4 30. Bxg7 Kxg7 31. e3 Rbd8 32. Ke2 Ne6 33. Na3 Nc7
34. Nb1 Kf6 35. Nc3 Ke6 36. Na4 Rb8 37. Nxc5+ Ke7 38. Na4 Rc6 39. Rdb1 Rxc4 40.
Nxb6 Rc2 41. Nd5+ Nxd5 42. Rxb8 Nc3+ 43. Ke1 Nxb1 44. Rxb1 Kf6 45. h4 Rc6 46.
Rb8 Rc7 47. Rd8 Rc1+ 48. Ke2 Rc2 49. f3 exf3+ 50. Kxf3 Rc1 51. Rd6+ Ke5 52. Rd7
Rf1+ 53. Ke2 Rg1 54. Kf2 Rd1 55. d4+ Ke4 56. Ke2 Rg1 57. Re7+ Kd5 58. Kf2 Rh1
59. Rxh7 g5 60. Rf7 Ke6 61. Rg7 gxh4 62. gxh4 Rxh4 63. Rg5 Kf6 64. Rg8 Ke6 65.
Re8+ Kd5 66. Re5+ 1-0